Microsoft Internet Explorer 4 FrontRunner (Record no. 6344)

000 -LEADER
fixed length control field 00626 a2200205 4500
020 ## - INTERNATIONAL STANDARD BOOK NUMBER
International Standard Book Number 1576101339
040 ## - CATALOGING SOURCE
Original cataloging agency DLC
082 00 - DEWEY DECIMAL CLASSIFICATION NUMBER
Classification number 005.713769
100 1# - MAIN ENTRY--PERSONAL NAME
Personal name Millhollon, Mary.
245 10 - TITLE STATEMENT
Title Microsoft Internet Explorer 4 FrontRunner
Statement of responsibility, etc. Mary Millhollon, Luanne O'Loughlin, Toni Zuccarini.
246 3# - VARYING FORM OF TITLE
Title proper/short title Internet Explorer 4 FrontRunner
260 ## - PUBLICATION, DISTRIBUTION, ETC.
Place of publication, distribution, etc. Albany, NY :
Name of publisher, distributor, etc. Coriolis Group Books,
Date of publication, distribution, etc. c1998.
300 ## - PHYSICAL DESCRIPTION
Extent xxi, 472 p. :
Other physical details ill. ;
Dimensions 23 cm.
500 ## - GENERAL NOTE
General note Includes index.
650 #0 - SUBJECT ADDED ENTRY--TOPICAL TERM
Topical term or geographic name entry element Internet.
650 #0 - SUBJECT ADDED ENTRY--TOPICAL TERM
Topical term or geographic name entry element World Wide Web.
700 1# - ADDED ENTRY--PERSONAL NAME
Personal name O'Loughlin, Luanne.
700 1# - ADDED ENTRY--PERSONAL NAME
Personal name Zuccarini, Toni.
942 ## - ADDED ENTRY ELEMENTS (KOHA)
Koha item type Book
Call number prefix 005.713769 MIL
Source of classification or shelving scheme
Holdings
Withdrawn status Lost status Damaged status Not for loan Collection code Permanent Location Current Location Shelving location Date acquired Total Checkouts Full call number Barcode Date last seen Price effective from Koha item type
          Central Library (CL) Central Library (CL) General Stacks 12/08/2000   005.713769 MIL SEECS000507 11/14/2012 01/05/2017 Book
© 2023 Central Library, National University of Sciences and Technology. All Rights Reserved.